Roma tanulók a szakképzésben

Bibliographic Details
Main Author: Vargáné Endler Özv Zsuzsanna
Other Authors: Farkas Dr Julianna
Format: Thesis
Kulcsszavak:Cigányság története
Bányai szakiskola bemutatása
Játékos portré Készítése
Tanulói kérdőívek elemzése
Esettanulmány egy roma családnál tett látogatás alapján
Online Access:http://dolgozattar.uni-bge.hu/1861

MARC

LEADER 00000nta a2200000 i 4500
001 dolg1861
005 20151105152359.0
008 150423suuuu hu om 000 hun d
040 |a BGE Dolgozattár Repozitórium  |b hun 
041 |a hu 
100 1 |a Vargáné Endler Özv Zsuzsanna 
245 1 0 |a Roma tanulók a szakképzésben  |c Vargáné Endler Özv Zsuzsanna  |h [elektronikus dokumentum] 
246 1 1 |a Roma tanulók a szakképzésben 
695 |a Cigányság története 
695 |a Bányai szakiskola bemutatása 
695 |a Játékos portré Készítése 
695 |a Tanulói kérdőívek elemzése 
695 |a Esettanulmány egy roma családnál tett látogatás alapján  
700 1 |a Farkas Dr Julianna  |e ths 
856 4 0 |u http://dolgozattar.uni-bge.hu/1861/1/szakdolgozat.pdf  |z Dokumentum-elérés